000 00305nam a22001457a 4500
003 SGT
020 _a3131368217
082 _a615.892
_bP02H
100 _aHECKER, HONS ULRICH
245 _aPRACTICE OF ACUPUNCTURE
250 _a2ND
260 _bTHIEME, CANADA
_c2002
300 _a652
942 _2ddc
_cBK
999 _c19795
_d19795